| 000 | 00940cam a2200313 4500 | ||
|---|---|---|---|
| 001 | 19925 | ||
| 003 | SK-KTurca | ||
| 005 | 20251217151856.0 | ||
| 008 | 190925s2019 xr gr 000 jdslo | ||
| 015 | _aSNBZSA2023/11 | ||
| 020 |
_a9788020618023 _q(viazané) |
||
| 040 |
_aSNK _bslo _cSNK _erda |
||
| 041 | 0 | _aslo | |
| 044 |
_axr _cCZ |
||
| 072 | 7 |
_a821.162.4-3 _xSlovenská próza _2konspekt |
|
| 080 |
_a821.162.4-32 _22011 |
||
| 100 | 1 |
_aHlavatá, Dana, _d1957- _4aut |
|
| 245 | 1 | 0 |
_aNemožná _cDana Hlavatá |
| 264 | 1 |
_aPraha _bNaše Vojsko _c2019 |
|
| 300 |
_a279 strán _c20 cm |
||
| 336 |
_atext _btxt _2rdacontent |
||
| 337 |
_abez média _bn _2rdamedia |
||
| 338 |
_azväzok _bnc _2rdacarrier |
||
| 500 | _aObsahuje biografické a profesijné údaje na prebale publikácie | ||
| 655 | 7 |
_aslovenské príbehy _2SNKPH |
|
| 655 | 7 |
_aSlovak stories _2SNKPHeng |
|
| 942 |
_2ddc _cKLDO _n0 |
||
| 999 |
_c19925 _d19925 |
||